Проблемы измерения социального и экономического благополучия человека; Экономика России в XXI веке; Т. 1
| Parent link: | Экономика России в XXI веке: сборник научных трудов XII Международной научно-практической конференции "Экономические науки и прикладные исследования", г. Томск, 17-21 ноября 2015 г./ Национальный исследовательский Томский политехнический университет (ТПУ) ; ред. кол. Г. А. Барышева [и др.].— , 2015 Т. 1.— 2015.— [С. 378-383] |
|---|---|
| Hovedforfatter: | |
| Institution som forfatter: | |
| Andre forfattere: | |
| Summary: | Заглавие с титульного экрана В статье рассматриваются понятия социального и экономического благополучия человека, их значение для современного общества и необходимость их измерения при составлении истинной картины уровня жизни населения. Анализируются традиционные и альтернативные методы измерения социального и экономического благополучия, их достоинства и недостатки, объективность оценки, полученной по данным методам. Выявляются проблемы, возникающие в процессе измерения благополучия, а также определяется влияние проводимых исследований на общество. |
| Sprog: | russisk |
| Udgivet: |
2015
|
| Serier: | Непрерывное благополучие человека в современном мире |
| Fag: | |
| Online adgang: | http://earchive.tpu.ru/handle/11683/15505 http://www.lib.tpu.ru/fulltext/c/2015/C40/V1/071.pdf |
| Format: | MixedMaterials Electronisk Book Chapter |
| KOHA link: | https://koha.lib.tpu.ru/cgi-bin/koha/opac-detail.pl?biblionumber=616794 |
MARC
| LEADER | 00000naa2a2200000 4500 | ||
|---|---|---|---|
| 001 | 616794 | ||
| 005 | 20231101132928.0 | ||
| 035 | |a (RuTPU)RU\TPU\conf\15050 | ||
| 035 | |a RU\TPU\conf\15049 | ||
| 090 | |a 616794 | ||
| 100 | |a 20160122d2015 k y0rusy50 ca | ||
| 101 | 0 | |a rus | |
| 102 | |a RU | ||
| 105 | |a y z 101zy | ||
| 135 | |a drgn ---uucaa | ||
| 181 | 0 | |a i | |
| 182 | 0 | |a b | |
| 200 | 1 | |a Проблемы измерения социального и экономического благополучия человека |f А. С. Бояринова |g науч. рук. И. А. Тутов | |
| 203 | |a Текст |c электронный | ||
| 225 | 1 | |a Непрерывное благополучие человека в современном мире | |
| 230 | |a 1 компьютерный файл (pdf; 381 Kb) | ||
| 300 | |a Заглавие с титульного экрана | ||
| 320 | |a [Библиогр.: с. 382-383 (8 назв.)] | ||
| 330 | |a В статье рассматриваются понятия социального и экономического благополучия человека, их значение для современного общества и необходимость их измерения при составлении истинной картины уровня жизни населения. Анализируются традиционные и альтернативные методы измерения социального и экономического благополучия, их достоинства и недостатки, объективность оценки, полученной по данным методам. Выявляются проблемы, возникающие в процессе измерения благополучия, а также определяется влияние проводимых исследований на общество. | ||
| 337 | |a Adobe Reader | ||
| 461 | 1 | |0 (RuTPU)RU\TPU\conf\14421 |t Экономика России в XXI веке |o сборник научных трудов XII Международной научно-практической конференции "Экономические науки и прикладные исследования", г. Томск, 17-21 ноября 2015 г. |o в 2 т. |f Национальный исследовательский Томский политехнический университет (ТПУ) ; ред. кол. Г. А. Барышева [и др.] |d 2015 | |
| 463 | 0 | |0 (RuTPU)RU\TPU\conf\14422 |t Т. 1 |v [С. 378-383] |d 2015 | |
| 610 | 1 | |a труды учёных ТПУ | |
| 610 | 1 | |a электронный ресурс | |
| 610 | 1 | |a социальное благополучие | |
| 610 | 1 | |a экономическое благополучие | |
| 610 | 1 | |a уровень жизни | |
| 610 | 1 | |a население | |
| 700 | 1 | |a Бояринова |b А. С. | |
| 702 | 1 | |a Тутов |b И. А. |c специалист в области автоматического управления |c ассистент Томского политехнического университета |f 1989- |g Иван Андреевич |2 stltpush |4 727 | |
| 712 | 0 | 2 | |a Национальный исследовательский Томский политехнический университет (ТПУ) |b Институт кибернетики (ИК) |b Кафедра интегрированных компьютерных систем управления (ИКСУ) |h 131 |2 stltpush |3 (RuTPU)RU\TPU\col\18701 |
| 801 | 2 | |a RU |b 63413507 |c 20210209 |g RCR | |
| 856 | 4 | |u http://earchive.tpu.ru/handle/11683/15505 | |
| 856 | 4 | |u http://www.lib.tpu.ru/fulltext/c/2015/C40/V1/071.pdf | |
| 942 | |c BK | ||